01438nam a2200361 a 4500001001200000003000800012006001900020007001500039008004100054010001700095020003600112020003500148040002100183035002100204041001300225043001200238050002400250082002200274245019400296260006000490300001800550490001700568533015200585650003000737650003700767650002300804655002900827700003300856710001700889830002900906856012600935999001501061ebr10280014CaPaEBRm u cr cn|||||||||070323s2007 wiu s s000 j eng c z 2007011784 z0299223604 (cloth : alk. paper) z0299223647 (pbk. : alk. paper) aCaPaEBRcCaPaEBR a(OCoLC)3182405201 aenghspa as-ck---14aPQ8173b.F55 2007eb04a863/.0108986122204aThe flight of the condorh[electronic resource] :bstories of violence and war from Colombia /ctranslated and compiled by Jennifer Gabrielle Edwards ; foreword by Hugo Chaparro Valderrama. aMadison, Wis. :bUniversity of Wisconsin Press,cc2007. axxvii, 156 p.1 aThe Americas aElectronic reproduction.bPalo Alto, Calif. :cebrary,d2013.nAvailable via World Wide Web.nAccess may be limited to ebrary affiliated libraries. 0aShort stories, Colombian. 0aColombian fictiony21st century. 0aViolencevFiction. 7aElectronic books.2local1 aEdwards, Jennifer Gabrielle.2 aebrary, Inc. 0aAmericas (Madison, Wis.)40uhttp://site.ebrary.com/lib/rucke/Doc?id=10280014zAn electronic book accessible through the World Wide Web; click to view c4008d4008